000 00927nac a22002897a 4500
001 BR9900166
003 BR-BrBNA
005 20240105122141.0
008 230509b bl.|||m| |||| 00| 0 por d
040 _aBR-BrBNA
_bpor
_cBiblioteca Nacional de Agricultura
072 _aQ54
090 _a0170 BR9900166
100 1 _aMagalhaes, P.C.
100 1 _aRodrigues, W.A.
100 1 _aDuraes, F.O.M.
110 1 _aCentro Nacional de Pesquisa de Milho e Sorgo, Sete Lagoas, MG (Brasil)
_91790
245 1 _aTanino no grao de sorgo bases fisiologicas e metodos de determinacao
260 3 _aSete Lagoas, MG (Brasil):
_c1997.
300 _a26 p.
490 _aCircular Tecnica - Centro Nacional de Pesquisa de Milho e Sorgo (Brazil)
_vno. 27
_xISSN 0100-8013
500 _a23 ref.
650 _aSorgo
650 _aGrao
650 _aTanino
909 _a202312
_bLúcia Elande
_c55
_dLúcia Elande
942 _2AGRIS
_n0
_cMS
999 _c289485
_d289485